Guess the Taylor Swift song with no hint 80 - Statistics

General Stats
  • This quiz has been taken 1,025 times
  • The average score is 207 of 330
Answer Stats
Answer % Correct
I
100%
you
97%
You
97%
A
96%
the
95%
The
95%
and
92%
And
92%
me
92%
my
90%
we
90%
We
90%
your
90%
In
88%
in
88%
where
88%
to
87%
on
85%
were
84%
when
83%
be
82%
love
82%
is
81%
do
80%
so
78%
that
78%
of
77%
was
77%
oh
76%
Oh
76%
They
76%
too
75%
like
74%
said
72%
Said
72%
at
71%
I'll
71%
She
71%
all
70%
this
69%
But
66%
did
66%
look
63%
Just
62%
one
62%
time
62%
up
62%
us
62%
had
60%
never
60%
you'll
60%
back
57%
see
57%
Take
56%
you'd
56%
our
55%
Our
55%
looked
51%
their
51%
A.M.
49%
down
48%
Well
48%
We'll
48%
got
46%
first
45%
than
45%
two
45%
Two
45%
about
44%
eyes
44%
sky
41%
stars
41%
kiss
40%
seven
40%
shine
40%
nine
39%
beat
38%
still
38%
we'd
38%
fall
37%
girl
37%
very
36%
wasn't
36%
gone
35%
house
35%
light
35%
eighty-nine
34%
used
34%
come
33%
eighty-seven
33%
came
31%
knee
31%
tree
31%
falling
30%
home
30%
kids
30%
little
30%
really
30%
bigger
29%
joke
29%
lights
29%
met
29%
pretty
29%
daddies
28%
mamas
28%
need
28%
cried
27%
Growing
27%
ran
27%
rolled
27%
sixteen
27%
town
27%
After
26%
fight
26%
shined
26%
smiled
26%
tried
26%
walked
26%
around
25%
dared
25%
world
25%
backyard
24%
before
24%
believed
24%
many
24%
suddenly
24%
aisle
23%
front
23%
porch
23%
stayed
23%
truck
23%
whole
23%
years
23%
morning
22%
next
22%
kissing
21%
sitting
21%
doors
20%
few
20%
outside
20%
slamming
20%
spot
20%
till
20%
babies
19%
favorite
19%
goodnight
19%
instead
19%
riding
19%
wide
19%
block
18%
creek
17%
rock
17%
turned
15%
beds
13%
smiles
10%
No matching quizzes found
Score Distribution
Percent of People with Each Score
Percentile by Number Answered
Your Score History
You have not taken this quiz